000 00512nam a2200181Ia 4500
003 GCL
008 140319s9999 xx 000 0 ara d
040 _aGCL /
_cGCL
082 0 4 _a691.1
_bا ت
100 1 _aالسيد عزت قنديل
245 1 0 _aتقنية الاخشاب /
_cالسيد عزت قنديل
700 1 _aعطاالله احمد ابوالحسن
300 _a271 ص
490 _aكتاب
_v0
650 0 4 _aالاخشاب
650 0 4 _aالصناعات الخشبية
942 _2ddc
_cBK
999 _c41199
_d41199